| 000 | 00901nam a2200277 a 4500 | ||
|---|---|---|---|
| 001 | BRCA_6308 | ||
| 005 | 20190320205416.0 | ||
| 008 | 050811s1945----mx-ab#####---#000-0#spa-# | ||
| 041 | _aspa | ||
| 044 | _amx | ||
| 050 | 4 |
_aF1286 _b.H46 1 _c1945 |
|
| 100 | 1 |
_aHendrichs Pérez, Pedro R. _915830 |
|
| 245 | 1 | 0 |
_aPor tierras ignotas _bviajes y observaciones en la región del Río de las Balsas _cPedro R. Hendrichs Pérez. |
| 260 |
_aMéxico _bCultura _c1945 |
||
| 300 |
_a260 p. (v.1) _bil., 1 mapa plegable _c25 cm. |
||
| 500 | _aIncluye índice de referencia | ||
| 500 | _aVer también Q58 (v.2) | ||
| 500 | _aC69 | ||
| 504 | _aBibliografía: p. 251-252 | ||
| 650 | 1 | 4 |
_aRío de las Balsas _915831 |
| 651 | 4 |
_aGuerrero _xDescripción y viajes _915832 |
|
| 651 | 4 |
_aMichoacán _xDescripción y viajes _915833 |
|
| 651 | 4 |
_aMéxico _xDescripción y viajes _9103 |
|
| 902 | _aGFM | ||
| 942 |
_2lcc _cB |
||
| 999 |
_c5994 _d5994 |
||